000 00595nam a2200157 a 4500
008 120416s1987 ||||||||||||||||| || u
020 _a0866566171
050 _aZ 678.9 Web
100 _aWebb, T. D
245 1 4 _aThe in-house option: professional issues of library automation
246 _aprofessional issues of library automation
260 _aNew York:
_bThe Haworth Press
_c1987
300 _axx, 166p. : ill.
350 _a0.00
995 _D0.00
_FCBU-MAIN LIBRARY (Kitwe)
_H1
_I34.05
_M1
_UAVAILABLE
_ZAnnex Low-Usage Collection
999 _c46540
_d46540